000 00461nam a22001697a 4500
003 OSt
005 20180116183033.0
008 160120b xxu||||| |||| 00| 0 eng d
040 _cLUMS Lahore
082 _a174.4 LUM 1990
100 _aHaq T, Azhar W
245 _aState Cement Corporation Pakistan Limited
_cHaq T, Azhar W
260 _aLahore
_c1990
300 _a16 p.
_bPapers
440 _aSTATE CEMENT CORPORATION PAKISTAN LIMITED
942 _2ddc
_cCS
999 _c351101
_d351101